000 00716nam a2200229 4500
001 32529
003 AR-RoBPED
005 20260413105638.0
008 260408s1969 es ||||er|||| 001 1 spa d
040 _aAR-RoBPED
041 _aspa
100 1 _aMolière, seud.
_d1622-1673
_915570
245 1 3 _aEl enfermo imaginario;
_bEl médico a palos /
_cMoliere
260 _aBuenos Aires :
_bSalvat,
_c1969.
300 _a186 p.
490 0 _a(Biblioteca Básica Salvat ;
_vN° 12)
650 4 _aLITERATURA FRANCESA
_9393
650 4 _aTEATRO
_9241
700 _aLópez Sancho, Lorenzo
_d1910-2001
_930660
_eprol.
942 _2udc
_ak. 32529
_cBK
_h840-2
_mM 74 e
_ninv. 42337
945 _amm 08/04/2026 - cd 13/04/2026
999 _c32529
_d32529